000
00312nam a2200145Ia 4500
100
_a
Ramanamurthy/V/ Srinivas/N.C
942
_c
BK
654
_a
Mathematics
245
_a
Applied Mathematics
260
_b
S.Chand & co
_a
Pune
_c
2001
082
_a
511
_b
MUR
300
_a
720
546
_a
ENGLISH
999
_c
32503
_d
32503